00690nam a2200253 a 4500001001300000003000900013005001700022008004100039020001000080082001500090100001300105245002900118260002800147300000900175500003500184505001900219650001900238650002100257700001300278902000800291942000700299952011500306999001500421nice12345678IN_TiNIC20260116011822.0050524s1926 egya grp 000 0 per  ac10000a297.4bZWE aZwemwe,  aKitabul Ghawaas Wal Laai aEgyptbNile Pressc1926 a247p aincludes index and biblioraphy2 aReserve copies aSufism-Ghazali aSufism-Alghazali1 aZwemwe,  bSRS cBK 001040708StackRoom-aHMIbHMId2007-07-03g100.00l0o297.4 ZWEp05136r2007-07-03v100.00w2005-05-24yBK c4183d4183